Stochastic calculus in application : proceedings of the Cambridge Symposium, 1987
Αποθηκεύτηκε σε:
| Άλλοι συγγραφείς: | |
|---|---|
| Μορφή: | Βιβλίο |
| Γλώσσα: | English |
| Δημοσίευση: |
Harlow, Essex England :
Longman,
1988.
|
| Σειρά: | Pitman research notes in mathematics series ;
197 |
| Θέματα: | |
| Ετικέτες: |
Προσθήκη ετικέτας
Δεν υπάρχουν, Καταχωρήστε ετικέτα πρώτοι!
|
MARC
| LEADER | 00000cam a2200000 i 4500 | ||
|---|---|---|---|
| 001 | 1/38656 | ||
| 008 | 941103s1988####enk| ||| |||| ||eng|| | ||
| 020 | |a 0582022371 | ||
| 035 | |a 1993 |l 10040819 | ||
| 040 | |a GR-MyUA |b gre |e AACR2 | ||
| 041 | 0 | |a eng | |
| 082 | 0 | |a 519.2 | |
| 245 | 1 | 0 | |a Stochastic calculus in application : |b proceedings of the Cambridge Symposium, 1987 / |c J.R. Norris (editor). |
| 260 | |a Harlow, Essex England : |b Longman, |c 1988. | ||
| 300 | |a 95 σ. ; |c 24 εκ. | ||
| 490 | 1 | |a (Pitman research notes in mathematics series |v ; 197) | |
| 504 | |a Περιέχει βιβλιογραφικές αναφορές. | ||
| 650 | 0 | 0 | |a Stochastic analysis. |
| 700 | 1 | |a Norris, J. R. |q (James R.) |e edt | |
| 830 | 0 | |a Pitman research notes in mathematics series ; |v 197 | |
| 852 | |a INST |b SAMOS |e 19941103 |h 519.2 STO |p 005300007220 |q 005300007220 |t BK |y 0 | ||
| 909 | |a Σ |b 030595 | ||